The Ghana law reports 1972 volume 2 : cases determined by the High Court, Court of Appeal and the Supreme Court / (Record no. 9384)

MARC details
000 -LEADER
fixed length control field 00598nam a22001697a 4500
005 - DATE AND TIME OF LATEST TRANSACTION
control field 20230228145337.0
008 - FIXED-LENGTH DATA ELEMENTS--GENERAL INFORMATION
fixed length control field 230228b ||||| |||| 00| 0 eng d
050 ## - LIBRARY OF CONGRESS CALL NUMBER
Classification number KRX19.A3.G34(1972 vol. 2)
245 ## - TITLE STATEMENT
Title The Ghana law reports 1972 volume 2 : cases determined by the High Court, Court of Appeal and the Supreme Court /
Statement of responsibility, etc. E. Kofi Tetteh...[et al.]
250 ## - EDITION STATEMENT
Edition statement Volume 2.
260 ## - PUBLICATION, DISTRIBUTION, ETC.
Place of publication, distribution, etc. Accra :
Name of publisher, distributor, etc. Council for Law Reporting,
Date of publication, distribution, etc. 1972.
300 ## - PHYSICAL DESCRIPTION
Extent xxxii, 545 pages :
Dimensions 25 cm.
500 ## - GENERAL NOTE
General note Include references.
700 ## - ADDED ENTRY--PERSONAL NAME
Personal name Tetteh, E. Kofi.
9 (RLIN) 877
700 ## - ADDED ENTRY--PERSONAL NAME
Personal name Daniels, Janet.
9 (RLIN) 878
942 ## - ADDED ENTRY ELEMENTS (KOHA)
Source of classification or shelving scheme Library of Congress Classification
Koha item type Books
Holdings
Withdrawn status Lost status Source of classification or shelving scheme Damaged status Not for loan Home library Current library Shelving location Date acquired Full call number Barcode Date last seen Copy number Price effective from Koha item type Total Checkouts
    Library of Congress Classification     WISCONSIN INTERNATIONAL UNIVERSITY COLLEGE, GHANA - MAIN LIBRARY WISCONSIN INTERNATIONAL UNIVERSITY COLLEGE, GHANA - MAIN LIBRARY Law Library 28/02/2023 KRX19.A3 G34(1972 vol.2) 2845/014/23 28/02/2023 1 28/02/2023 Books  
    Library of Congress Classification     WISCONSIN INTERNATIONAL UNIVERSITY COLLEGE, GHANA - MAIN LIBRARY WISCONSIN INTERNATIONAL UNIVERSITY COLLEGE, GHANA - MAIN LIBRARY Law Library 08/09/2023 KRX19.A3 G341(1972 vol.2) 3181/341/23 08/09/2023 2 08/09/2023 Books  
    Library of Congress Classification     WISCONSIN INTERNATIONAL UNIVERSITY COLLEGE, GHANA - MAIN LIBRARY WISCONSIN INTERNATIONAL UNIVERSITY COLLEGE, GHANA - MAIN LIBRARY Law Library 08/09/2023 KRX19.A3 G342(1972 vol.2) 3321/429/23 08/09/2023 3 08/09/2023 Books  

If you have any concerns or questions; kindly contact the library


© Powered by WIUC ICT DIRECTORATE